000 00287nam a22001097a 4500
008 160512b xxu||||| |||| 00| 0 eng d
020 _a9989150616
041 _aeng
080 _a573
245 _aResurset gjenetike te bimeve:
_cSami Hoxha; Xhezair Idrizi; Adriana Hoxha;
942 _2udc
_cBK
999 _c2093
_d2093